| 000 | 01442nam a2200265 a 4500 | ||
|---|---|---|---|
| 001 | 001107392 | ||
| 003 | AM-YEHGA | ||
| 005 | 20250617163936.0 | ||
| 008 | 151019s1962 ru r 000 0 rus d | ||
| 040 | _aAM-YeHGA | ||
| 041 | 0 | _arus | |
| 100 | 1 |
_aПрозоровский, Александр Сергеевич _eсост. _4com |
|
| 245 | 1 | 0 |
_aМази : _bУчебное пособие по технологии лекарственных форм для студентов-заочников / _cСост.: А.С. Прозоровский, Ю.А. Благовидова; 1-й Моск. мед. ин-т им. И.М. Сеченова, Заоч. отд-ние Фармацевтич. фак. |
| 250 | _a2-е изд. | ||
| 260 |
_aМосква : _bБ. и., _c1962. |
||
| 300 |
_a56 с. ; _c20 см. |
||
| 500 | _aСост. указан на обороте тит. л. | ||
| 650 | 1 | 4 | _aПроизводство лекарств |
| 650 | 1 | 4 | _aФармация |
| 650 | 1 | 4 | _aМази |
| 653 | 0 | _aЛекарственные формы - Приготовление - Практические работы учащихся | |
| 700 | 1 |
_aБлаговидова, Юлия Александровна _eсост. _4com |
|
| 710 | 2 |
_a1-й Московский медицинский институт им. И.М. Сеченова. _bЗаочное отделение фармацевтического факультета |
|
| 090 | _c518805 | ||
| 999 |
_c515265 _d515265 |
||